00708cam a2200229 a 45000010009000000050017000090080041000260100017000670200043000840200040001270400018001670410008001850800008001930820016002011000007002171010008002242450061002329060045002939420012003389990017003509520111003671537070720180313044032.0080717s2010 iau 001 0 eng  a 2008031864 a9780073511085 (hard copy : alk. paper) a0073511080 (hard copy : alk. paper) aDLCcDLCdDLC aeng a54000a540 SIL2221 a12 aKIM10aPrinciples of general chemistry /cMartin S. Silberberg. a7bcbccorignewd1eecipf20gy-gencatlg 2ddccBK c44809d44809 00102udc40708PËKGa002b002cPËKGd2018-03-13l0o540 SILp002-3002180r2018-03-13w2018-03-13yBK